A textbook of electrical technology volume 1 in basic electrical engineering in S.I. system of units / (Record no. 164979)

MARC details
000 -LEADER
fixed length control field 00746nam a2200241 a 4500
008 - FIXED-LENGTH DATA ELEMENTS--GENERAL INFORMATION
fixed length control field
049 ## - LOCAL HOLDINGS (OCLC)
Holding library MAIN
090 ## - LOCALLY ASSIGNED LC-TYPE CALL NUMBER (OCLC); LOCAL CALL NUMBER (RLIN)
Classification number (OCLC) (R) ; Classification number, CALL (RLIN) (NR) TK145 THE
003 - CONTROL NUMBER IDENTIFIER
control field
005 - DATE AND TIME OF LATEST TRANSACTION
control field 20230123134401.0
040 ## - CATALOGING SOURCE
Transcribing agency NUST
100 1# - MAIN ENTRY--PERSONAL NAME
Personal name Theraja, B. L.
245 12 - TITLE STATEMENT
Title A textbook of electrical technology volume 1 in basic electrical engineering in S.I. system of units /
Statement of responsibility, etc. B.L.Theraja, A.K.Theraja.
260 ## - PUBLICATION, DISTRIBUTION, ETC.
Place of publication, distribution, etc. New Delhi :
Name of publisher, distributor, etc. S.Chand,
Date of publication, distribution, etc. 2005.
300 ## - PHYSICAL DESCRIPTION
Extent ix, 864 p. :
Other physical details ill. ;
Dimensions 24 cm.
504 ## - BIBLIOGRAPHY, ETC. NOTE
Bibliography, etc. note Includes index.
650 #0 - SUBJECT ADDED ENTRY--TOPICAL TERM
Topical term or geographic name entry element Electricity
General subdivision handbooks, manuals, etc.
700 ## - ADDED ENTRY--PERSONAL NAME
Personal name Tarnekar,S.G.
700 ## - ADDED ENTRY--PERSONAL NAME
Personal name Theraja,A.K.
700 1# - ADDED ENTRY--PERSONAL NAME
Personal name Theraja, A. K.
907 ## - LOCAL DATA ELEMENT G, LDG (RLIN)
a .b1023259x
b 21-11-12
c 16-02-07
942 ## - ADDED ENTRY ELEMENTS (KOHA)
Koha item type Ordinary Loan Books
Call number prefix TK145 THE
Holdings
Date last seen Total Checkouts Full call number Barcode Cost, replacement price Price effective from Koha item type Lost status Source of classification or shelving scheme Damaged status Not for loan Collection Withdrawn status Home library Current library Shelving location Date acquired Cost, normal purchase price
01/23/2023 29 TK145 THE 92004000540 80.00 01/23/2023 BOOKS   LCC     NFIC   MAIN MAIN GEN 01/23/2023 80.00